Statistics for Guess the 1970s song lyrics #257

Click here to take the quiz!

General Stats

  • This quiz has been taken 8 times
  • The average score is 153 of 269

Answer Stats

Answer% Correct
a
88%
I
88%
on
88%
Are
75%
did
75%
got
75%
just
75%
No
75%
no
75%
not
75%
The
75%
the
75%
this
75%
to
75%
you
75%
your
75%
all
63%
And
63%
and
63%
at
63%
But
63%
could
63%
get
63%
heart
63%
it's
63%
know
63%
my
63%
of
63%
oh
63%
Oh
63%
were
63%
couldn't
50%
didnt'
50%
didnt
50%
didn't
50%
knows
50%
Last
50%
last
50%
mine
50%
night
50%
pill
50%
sleep
50%
time
50%
took
50%
up
50%
best
38%
cause
38%
fault
38%
God
38%
left
38%
mind
38%
more
38%
Should
38%
use
38%
was
38%
waste
38%
behind
25%
call
25%
close
25%
cold
25%
dreams
25%
eyes
25%
find
25%
forget
25%
heard
25%
inside
25%
Lonely
25%
lonely
25%
number
25%
real
25%
rest
25%
sleeping
25%
somehow
25%
went
25%
awake
13%
away
13%
darkness
13%
foolish
13%
lay
13%
light
13%
maybe
13%
morning
13%
pride
13%
Replace
13%
replace
13%
ringing
13%
thinking
13%
until
13%
Washed
13%
watched
13%

Score Distribution

Percentile by Number Answered

Percent of People with Each Score

Your Score History

You have not taken this quiz